000 03178nam0a2200517 4500
001 RU\NLR\bibl\1503555
005 20260407224231.0
021 _aRU
_b2010-20228
_91363
035 _a(nilc)LIBNET\0000022794
035 _a1VIL\RUSMED\0000166275
035 _aRSL-KNO-004598795
035 _a(NLR Aleph) 001494993
090 _a1782085
_c1782085
100 _a20100406d2010 |||y0rusy50 ca
101 0 _arus
102 _aRU
105 _ay |||||||||
200 1 _aМатериалы XVII Конгресса детских гастроэнтерологов России и стран СНГ "Актуальные проблемы абдоминальной патологии у детей", Москва, 10-12 марта 2010 г.
_fпод общ. ред. проф. Ю. Г. Мухиной, проф. С. В. Бельмера
210 _aМосква
_cМедпрактика-М
_d2010
215 _a324 с.
_d20
300 _aЗагл. обл.: Актуальные проблемы абдоминальной патологии у детей: материалы XVII Конгресса детских гастроэнтерологов России и стран СНГ
300 _aЗагл. корешка: Детская гастроэнтерология 2010
300 _aВ надзаг.: Науч. о-во гастроэнтерологов России
320 _aБиблиогр. в конце отд. ст.
512 0 _aАктуальные проблемы абдоминальной патологии у детей: Материалы XVII Конгресса детских гастроэнтерологов России и стран СНГ
_eматериалы XVII Конгресса детских гастроэнтерологов России и стран СНГ
516 0 _aДетская гастроэнтерология 2010
606 1 _aПИЩЕВАРИТЕЛЬНОЙ СИСТЕМЫ БОЛЕЗНИ
_2rus_mesh
_3R4170
606 1 _aDIGESTIVE SYSTEM DISEASES
_2rus_mesh
_3E4170
606 1 _aПИЩЕВАРИТЕЛЬНОЙ СИСТЕМЫ БОЛЕЗНИ
_yМосква
_jконгрессы
_2rus_mesh
_3R4170
606 1 _aГастроэнтерология детская
_jСъезды, совещания и т.п.
_91401895
_3RU\NLR\auth\66277684
610 0 _aЗдравоохранение. Медицинские науки -- Педиатрия -- Болезни детей -- Гастроэнтерология детского возраста -- Материалы конференции
686 _a76.29.34
_2rugasnti
686 _a76.29.47
_2rugasnti
686 _a76.01.13
_2rugasnti
686 _aC06
_v2010
_2MESH
686 _aР733.413я431(0)
_2rubbk
686 _aР733.413я431(2)
710 1 2 _aКонгресс детских гастроэнтерологов России и стран СНГ
_d17
_eМосква
_f2010
_9799515
_3RU\NLR\AUTH\8810152378
801 0 _aRU
_bЦНМБ
_c20100406
_gPSBO
801 1 _aRU
_bЦНМБ
_c20100406
801 2 _aRU
_bЦНМБ
_c20100415
801 2 _aRU
_bРГБ
_c20100323
801 2 _aRU
_bNLR
_c20100423
_grcr
942 _cBOOK
980 _aNB